000 00359pab a2200145 454500
008 180718b1988 xxu||||| |||| 00| 0 eng d
100 _aHarcourt, G.C.
245 _aIntroduction
260 _c1988
300 _a1-5
362 _aMar.
650 _aSraffa, Piero - Criticism and Interpretation
773 _aCambridge Journal of Economics
909 _a18474
999 _c18474
_d18474